[Event "OLWU 2425 SC Tettnang - SF HN Biberach"]
[Site "?"]
[Date "2024.09.15"]
[Round "1.1"]
[White "Geltz, Noah"]
[Black "Laengl, Juergen"]
[Result "1-0"]
[WhiteElo "2099"]
[BlackElo "2099"]
[PlyCount "79"]
[EventDate "2024.??.??"]

1. d4 d5 2. Nf3 Nf6 3. Bf4 c5 4. e3 Nc6 5. Nbd2 Nh5 6. dxc5 Nxf4 7. exf4 e6 8. Nb3 Bxc5 9. Nxc5 Qa5+ 10. c3 Qxc5 11. Bd3 Bd7 12. O-O f6 13. Re1 O-O 14. Rc1 Rae8 15. c4 d4 16. Be4 e5 17. fxe5 fxe5 18. Ng5 h6 19. Bd5+ Kh8 20. Nf7+ Kh7 21. Ng5+ Kh8 22. Ne4 Qb4 23. a3 Qe7 24. b4 Nd8 25. c5 Be6 26. Qb3 Qf7 27. Bxe6 Nxe6 28. Qg3 Qf4 29. Nd6 Re7 30. Rcd1 Qxg3 31. hxg3 Nc7 32. Rxd4 exd4 33. Rxe7 Nd5 34. Rxb7 d3 35. Nc4 Re8 36. Rd7 Re1+ 37. Kh2 Nf6 38. Rd8+ Kh7 39. f3 Rc1 40. Ne5 1-0

[Event "OLWU 2425 SC Tettnang - SF HN Biberach"]
[Site "?"]
[Date "2024.09.15"]
[Round "1.2"]
[White "Kohn, Thomas"]
[Black "Mueller, Philipp"]
[Result "0-1"]
[WhiteElo "2019"]
[BlackElo "2250"]
[PlyCount "62"]
[EventDate "2024.??.??"]

1. d4 Nf6 2. c4 c5 3. d5 e6 4. Nf3 exd5 5. cxd5 d6 6. Nc3 g6 7. g3 Bg7 8. Bg2 O-O 9. O-O Re8 10. Nd2 Nbd7 11. e4 b6 12. f4 Ba6 13. Re1 c4 14. a4 Nc5 15. Bf1 Qc8 16. h3 Nd3 17. Re3 Nxc1 18. Qxc1 Qc5 19. Nb3 cxb3 20. Bxa6 Nxe4 21. Nb5 Bxb2 22. Qxc5 Nxc5 23. Rxe8+ Rxe8 24. Rb1 Re2 25. Bc8 Ne4 26. Bg4 Rd2 27. Bf3 Nxg3 28. Rd1 Ne2+ 29. Bxe2 Rxe2 30. Nxd6 Rc2 31. Rd3 Ba3 0-1

[Event "OLWU 2425 SC Tettnang - SF HN Biberach"]
[Site "?"]
[Date "2024.09.15"]
[Round "1.3"]
[White "Haji, Mohammad"]
[Black "Kaiser, Marius"]
[Result "1-0"]
[WhiteElo "2094"]
[BlackElo "1977"]
[PlyCount "25"]
[EventDate "2024.??.??"]

1. e4 Nc6 2. Nf3 Nf6 3. e5 Ng4 4. d4 d6 5. h3 Nh6 6. Bxh6 gxh6 7. e6 fxe6 8. c3 b6 9. d5 Nb8 10. Nd4 Bg7 11. Qh5+ Kf8 12. dxe6 Qe8 13. Qf3+ 1-0

[Event "OLWU 2425 SC Tettnang - SF HN Biberach"]
[Site "?"]
[Date "2024.09.15"]
[Round "1.4"]
[White "Heilinger, Dietmar"]
[Black "Hoffmann, Jens"]
[Result "1/2-1/2"]
[WhiteElo "1991"]
[BlackElo "2081"]
[PlyCount "88"]
[EventDate "2024.??.??"]

1. c4 Nf6 2. g3 e5 3. Bg2 d5 4. cxd5 Nxd5 5. Nf3 Nc6 6. d3 Be7 7. Nbd2 O-O 8. O-O Be6 9. Re1 a5 10. Nc4 f6 11. a4 Qd7 12. Bd2 Rfd8 13. Rc1 Ra6 14. b3 Bb4 15. Bxb4 axb4 16. Qd2 Nc3 17. Qe3 Nd4 18. Nxd4 exd4 19. Qf4 Bxc4 20. dxc4 c5 21. Bf3 Re8 22. Kf1 Qh3+ 23. Kg1 Qd7 24. Kf1 Qe7 25. Qf5 g6 26. Qd3 Kg7 27. Rc2 Re6 28. h4 Re5 29. Kg2 b6 30. Rd2 Qe6 31. Rc2 Re7 32. Rd2 Re8 33. Rc2 Re7 34. Rd2 Ne4 35. Bxe4 Rxe4 36. Qf3 f5 37. Kf1 Qe5 38. Rc1 f4 39. g4 Rf7 40. Kg2 Re7 41. Rcc2 Rf7 42. Rd1 Qe6 43. Ra2 Re7 44. Rdd2 Rf7 1/2-1/2

[Event "OLWU 2425 SC Tettnang - SF HN Biberach"]
[Site "?"]
[Date "2024.09.15"]
[Round "1.5"]
[White "Arns, Alexander"]
[Black "Sterk, Jonas"]
[Result "1-0"]
[WhiteElo "2002"]
[BlackElo "1868"]
[PlyCount "119"]
[EventDate "2024.??.??"]

1. c4 Nf6 2. g3 g6 3. Bg2 Bg7 4. Nc3 O-O 5. d4 c6 6. e4 d6 7. Nge2 e5 8. O-O Bg4 9. f3 exd4 10. Nxd4 Be6 11. Nxe6 fxe6 12. Be3 d5 13. e5 Nfd7 14. f4 Nb6 15. c5 Nc4 16. Bd4 b6 17. b3 Na5 18. Qg4 Re8 19. Rfd1 Nd7 20. Na4 b5 21. Nc3 Qe7 22. b4 Nc4 23. Bf1 a5 24. Bxc4 bxc4 25. a3 Reb8 26. Rab1 axb4 27. axb4 Ra3 28. Ne2 Ra4 29. Bc3 Ra3 30. Bb2 Rb3 31. Nd4 R3xb4 32. Kh1 Rxb2 33. Nxc6 Rxb1 34. Nxe7+ Kf7 35. Nc6 Rxd1+ 36. Qxd1 Rb3 37. Nd4 Nxc5 38. Nxb3 Nxb3 39. Qc2 Bf8 40. g4 Be7 41. f5 exf5 42. gxf5 Nc5 43. Qd1 gxf5 44. Qxd5+ Ne6 45. Qxc4 h5 46. Qd5 h4 47. Kg2 Bg5 48. Kf3 Be7 49. Ke2 Bg5 50. Kd3 Bd8 51. Kc4 Ke7 52. Qd6+ Kf7 53. Qd7+ Be7 54. Qd5 Bd8 55. Kb5 f4 56. Kc6 f3 57. Kd7 f2 58. Qxe6+ Kg7 59. Qg4+ Kh6 60. Qf4+ 1-0

[Event "OLWU 2425 SC Tettnang - SF HN Biberach"]
[Site "?"]
[Date "2024.09.15"]
[Round "1.6"]
[White "Schmid, Manuel"]
[Black "Holzinger, Eugen"]
[Result "1/2-1/2"]
[WhiteElo "1907"]
[BlackElo "1987"]
[PlyCount "118"]
[EventDate "2024.??.??"]

1. d4 Nf6 2. Nf3 d6 3. Nc3 g6 4. e4 Bg7 5. Be3 O-O 6. Qd2 Ng4 7. O-O-O Nxe3 8. Qxe3 Bg4 9. h3 Bxf3 10. gxf3 Nd7 11. h4 c5 12. d5 Qa5 13. h5 Bxc3 14. bxc3 b5 15. hxg6 fxg6 16. Bh3 Nf6 17. Be6+ Kh8 18. e5 dxe5 19. Qxe5 b4 20. cxb4 Qa3+ 21. Kb1 Qxb4+ 22. Ka1 Rab8 23. d6 exd6 24. Rxd6 Rbe8 25. Rd7 h5 26. Qg5 Qc3+ 27. Kb1 Rb8+ 28. Bb3 Rxb3+ 29. axb3 Nxd7 30. Qh6+ Kg8 31. Qxg6+ Qg7 32. Qxh5 Rf6 33. Qd5+ Kf8 34. Qa8+ Ke7 35. Qe4+ Re6 36. Rh7 Rxe4 37. Rxg7+ Kf6 38. Rxd7 Re2 39. Rxa7 Ke6 40. Ra6+ Kd5 41. Ra5 Rxf2 42. b4 Kc4 43. bxc5 Kb4 44. c6 Rxf3 45. c7 Rf8 46. Rd5 Rc8 47. Rd7 Kc3 48. Rh7 Rg8 49. Rh3+ Kc4 50. Kb2 Rc8 51. Rh4+ Kb5 52. Kb3 Rxc7 53. Rb4+ Ka6 54. c4 Rb7 55. Rxb7 Kxb7 56. Ka4 Ka6 57. c5 Kb7 58. Kb5 Kc7 59. c6 Kc8 1/2-1/2

[Event "OLWU 2425 SC Tettnang - SF HN Biberach"]
[Site "?"]
[Date "2024.09.15"]
[Round "1.8"]
[White "Balzer, Tilo"]
[Black "Hellriegel, Hannes"]
[Result "1-0"]
[WhiteElo "1815"]
[BlackElo "1676"]
[PlyCount "133"]
[EventDate "2024.??.??"]

1. d4 Nf6 2. c4 e6 3. Nc3 d5 4. b3 c6 5. e3 Nbd7 6. Bd3 Bd6 7. Nf3 b6 8. cxd5 exd5 9. O-O O-O 10. Bb2 Re8 11. Rc1 Nf8 12. h3 Ng6 13. Qc2 Bb7 14. Ng5 Rc8 15. Qb1 Qe7 16. Rfe1 Rc7 17. a3 Rec8 18. Bf5 Nd7 19. h4 Nxh4 20. f4 Nxf5 21. Qxf5 Nf8 22. e4 Qd7 23. Qxd7 Nxd7 24. e5 Be7 25. e6 Nf8 26. Nxf7 Nxe6 27. Nh6+ gxh6 28. Rxe6 Rf8 29. Nxd5 Bd8 30. Nxc7 Bxc7 31. Re7 Rf7 32. Rxf7 Kxf7 33. b4 h5 34. d5 c5 35. Rd1 Bd6 36. Be5 Ke7 37. Kf2 Bc8 38. Ke3 Bf5 39. Rh1 Bg6 40. Rh3 cxb4 41. Bxd6+ Kxd6 42. axb4 Kxd5 43. f5 Bxf5 44. Rxh5 Ke6 45. Kd4 Bg6 46. Re5+ Kd6 47. Rd5+ Kc6 48. b5+ Kc7 49. g4 Be8 50. Ke5 Kb7 51. Kd4 Bg6 52. Rd7+ Kb8 53. Ke5 Bc2 54. g5 Ba4 55. Rxh7 Bxb5 56. g6 Bc4 57. g7 a5 58. Rh8+ Kb7 59. Re8 a4 60. Re6 Bxe6 61. Kxe6 Ka6 62. g8=Q Ka5 63. Qf8 Kb5 64. Kd5 a3 65. Kd4 Ka4 66. Kc3 a2 67. Qb4# 1-0

[Event "OLWU 2425 Stuttgarter SF  - Stuttgarter SF 2"]
[Site "?"]
[Date "2024.09.15"]
[Round "1.1"]
[White "Forster, Lukas"]
[Black "Kvetny, Mark"]
[Result "0-1"]
[WhiteElo "2024"]
[BlackElo "2404"]
[PlyCount "52"]
[EventDate "2024.??.??"]

1. e4 c6 2. d4 d5 3. e5 Bf5 4. Nf3 e6 5. Be2 Ne7 6. O-O h6 7. Nbd2 Nd7 8. Nb3 Qc7 9. Be3 g5 10. Ne1 O-O-O 11. g4 Bg6 12. f4 f6 13. exf6 Nxf6 14. Nc5 Qd6 15. fxg5 hxg5 16. Rxf6 Qxh2+ 17. Kf1 Bg7 18. Rf3 e5 19. Ne6 e4 20. Bg1 Qd6 21. Nxg7 exf3 22. Bxf3 Qf6 23. Nf5 Nxf5 24. gxf5 Bxf5 25. Bf2 Rde8 26. Nd3 g4 0-1

[Event "OLWU 2425 Stuttgarter SF  - Stuttgarter SF 2"]
[Site "?"]
[Date "2024.09.15"]
[Round "1.2"]
[White "Strunski, Andreas"]
[Black "Schwarzburger, Lothar"]
[Result "1/2-1/2"]
[WhiteElo "2299"]
[BlackElo "2144"]
[PlyCount "113"]
[EventDate "2024.??.??"]

1. d4 d5 2. c4 e6 3. Nc3 Nf6 4. cxd5 exd5 5. Qc2 c6 6. Bg5 Be7 7. e3 O-O 8. Bd3 Nbd7 9. Nge2 Re8 10. O-O Nf8 11. Rad1 Bg4 12. f3 Bh5 13. h3 Bg6 14. Bh4 Rc8 15. Bf2 c5 16. Bxg6 Nxg6 17. Rfe1 b5 18. Nxb5 cxd4 19. Qa4 dxe3 20. Bxe3 a6 21. Nbc3 a5 22. a3 h6 23. Nd4 Bc5 24. Ncb5 Ne5 25. Bf2 Nc4 26. Rxe8+ Qxe8 27. Re1 Qd8 28. b4 axb4 29. axb4 Bb6 30. Ra1 Qd7 31. Na7 Ra8 32. Qxd7 Nxd7 33. Ndc6 Kf8 34. b5 Nd6 35. Bxb6 Nxb6 36. Ra6 Ndc4 37. Nd4 g6 38. Nac6 Re8 39. Ra7 Re1+ 40. Kf2 Rb1 41. Rb7 Rb2+ 42. Kg3 Rd2 43. Nb3 Rb2 44. Nbd4 Rd2 45. h4 h5 46. Nb3 Rb2 47. Nbd4 Rd2 48. Kf4 Rxg2 49. Nd8 Ke8 50. Nxf7 Nd7 51. Nc6 d4 52. Ng5 d3 53. Ne6 Ncb6 54. Ng7+ Kf8 55. Ne6+ Ke8 56. Ng7+ Kf8 57. Ne6+ 1/2-1/2

[Event "OLWU 2425 Stuttgarter SF  - Stuttgarter SF 2"]
[Site "?"]
[Date "2024.09.15"]
[Round "1.4"]
[White "Yasmo, Daniil"]
[Black "Aksenov, Pavel"]
[Result "1/2-1/2"]
[WhiteElo "2046"]
[BlackElo "2045"]
[PlyCount "85"]
[EventDate "2024.??.??"]

1. e4 e6 2. d4 d5 3. Nc3 Bb4 4. e5 c5 5. a3 cxd4 6. axb4 dxc3 7. bxc3 Qc7 8. Nf3 Qxc3+ 9. Bd2 Qc7 10. Bd3 Nd7 11. Qe2 Ne7 12. O-O h6 13. Rac1 O-O 14. c4 Qd8 15. cxd5 exd5 16. e6 Nf6 17. exf7+ Rxf7 18. Ne5 Rf8 19. b5 Bf5 20. Bb4 Bxd3 21. Qxd3 Re8 22. Rfe1 Rc8 23. Qh3 Rxc1 24. Qe6+ Kh7 25. Rxc1 Ng6 26. Nf7 Rxe6 27. Nxd8 Rb6 28. Bc5 Rxb5 29. Bxa7 Ne5 30. h3 b6 31. Re1 Ned7 32. Nc6 Rc5 33. Re6 Rc1+ 34. Kh2 Ra1 35. Bb8 Nxb8 36. Nxb8 b5 37. Rb6 Rb1 38. Nc6 Ne4 39. f3 Nc3 40. Kg3 Rb2 41. Nd4 b4 42. Rb7 Kg6 43. Kf4 1/2-1/2

[Event "OLWU 2425 Stuttgarter SF  - Stuttgarter SF 2"]
[Site "?"]
[Date "2024.09.15"]
[Round "1.5"]
[White "Goldinov, Daniel"]
[Black "Lorscheid, Gerhard"]
[Result "0-1"]
[WhiteElo "1989"]
[BlackElo "2142"]
[PlyCount "86"]
[EventDate "2024.??.??"]

1. c4 c6 2. e4 e5 3. Nc3 d6 4. g3 g6 5. Bg2 Be6 6. d3 Bg7 7. Nge2 Ne7 8. O-O O-O 9. b3 d5 10. Ba3 d4 11. Nb1 Qd7 12. f4 Re8 13. Nd2 f5 14. fxe5 Bxe5 15. Nf3 Bg7 16. Ng5 Na6 17. Nxe6 Qxe6 18. Bh3 Qe5 19. Nf4 fxe4 20. Bd7 Nf5 21. Qg4 Ne3 22. Be6+ Rxe6 23. Qxe6+ Qxe6 24. Nxe6 Nxf1 25. Rxf1 e3 26. Bd6 Re8 27. Nxg7 Kxg7 28. b4 b6 29. a3 c5 30. Kg2 g5 31. g4 Kg6 32. b5 Nb8 33. Kf3 Nd7 34. Kg2 a6 35. bxa6 Ra8 36. Rb1 Rxa6 37. Bc7 Rxa3 38. Bxb6 Ra2+ 39. Kf1 Ne5 40. Bc7 Rf2+ 41. Kg1 Nf3+ 42. Kh1 e2 43. Rb6+ Kf7 0-1

[Event "OLWU 2425 Stuttgarter SF  - Stuttgarter SF 2"]
[Site "?"]
[Date "2024.09.15"]
[Round "1.6"]
[White "Nunez Gregoire, Daniel"]
[Black "Babaian, Bagrat"]
[Result "1-0"]
[WhiteElo "2154"]
[BlackElo "1734"]
[PlyCount "67"]
[EventDate "2024.??.??"]

1. d4 Nf6 2. Nf3 c5 3. e3 g6 4. c4 Bg7 5. Nc3 O-O 6. Be2 cxd4 7. Nxd4 Nc6 8. O-O Nxd4 9. Qxd4 d6 10. Qd3 Bd7 11. Rb1 Rc8 12. e4 Be6 13. b3 b5 14. Nxb5 Nxe4 15. Bb2 Bf5 16. Bxg7 Kxg7 17. Nd4 Qa5 18. b4 Qe5 19. f4 Qf6 20. g4 Kh8 21. gxf5 gxf5 22. Kh1 Rg8 23. Qe3 e5 24. fxe5 Qxe5 25. Nxf5 Rg5 26. Bd3 Rxf5 27. Rxf5 Qxf5 28. Qxe4 Qxe4+ 29. Bxe4 Rxc4 30. Bd5 Rf4 31. a4 Kg7 32. a5 a6 33. Bb7 d5 34. Bxd5 1-0

[Event "OLWU 2425 Stuttgarter SF  - Stuttgarter SF 2"]
[Site "?"]
[Date "2024.09.15"]
[Round "1.7"]
[White "Gabriel, Josef"]
[Black "Gotfried, Elias"]
[Result "0-1"]
[WhiteElo "1994"]
[BlackElo "1829"]
[PlyCount "88"]
[EventDate "2024.??.??"]

1. Nf3 d5 2. g3 Nf6 3. Bg2 g6 4. O-O Bg7 5. d3 O-O 6. Nbd2 c5 7. e4 e6 8. c3 Nc6 9. Re1 b6 10. Qc2 Bb7 11. Nf1 d4 12. e5 Nd5 13. c4 Nde7 14. Bf4 h6 15. h4 Qd7 16. Qd2 Kh7 17. N1h2 Ng8 18. Ng4 Qe7 19. Qe2 Rfe8 20. Qd2 Rf8 21. Re2 a6 22. Rae1 b5 23. b3 b4 24. Qd1 a5 25. Bc1 Qc7 26. h5 gxh5 27. Ngh2 Nge7 28. Nh4 Ng6 29. Be4 Ncxe5 30. Nxg6 Nxg6 31. Bxb7 Qxb7 32. Re4 h4 33. Qh5 e5 34. Bxh6 f5 35. Bg5+ Kg8 36. Qxg6 fxe4 37. Ng4 exd3 38. Rxe5 Ra7 39. gxh4 Qf3 40. Bd2 Qd1+ 41. Be1 d2 42. h5 dxe1=Q+ 43. Rxe1 Qxe1+ 44. Kg2 Re7 0-1

[Event "OLWU 2425 Stuttgarter SF  - Stuttgarter SF 2"]
[Site "?"]
[Date "2024.09.15"]
[Round "1.8"]
[White "Reus, Nicholas"]
[Black "Balazs, Sztella Anna"]
[Result "1-0"]
[WhiteElo "1885"]
[BlackElo "1879"]
[PlyCount "57"]
[EventDate "2024.??.??"]

1. Nf3 Nf6 2. c4 e6 3. Nc3 b6 4. e4 Bb7 5. e5 Ne4 6. Bd3 Ng5 7. Be2 Nxf3+ 8. Bxf3 Bxf3 9. Qxf3 Nc6 10. Qg3 Qe7 11. O-O Qc5 12. d3 O-O-O 13. Be3 Qe7 14. d4 f6 15. f4 Qb4 16. d5 Na5 17. Bf2 fxe5 18. fxe5 Nxc4 19. Rfc1 exd5 20. Nxd5 Qb5 21. Nxc7 Qxb2 22. Rab1 Qxa2 23. Nb5 Kb8 24. Ra1 Qb2 25. e6+ d6 26. Nxa7 Kb7 27. Qf3+ d5 28. Qf7+ Kb8 29. Nc6+ 1-0

[Event "OLWU 2425 SG Schwäbisch Gmünd - SK Wernau"]
[Site "?"]
[Date "2024.09.15"]
[Round "1.1"]
[White "Gheng, Josef"]
[Black "Velicka, Petr"]
[Result "0-1"]
[WhiteElo "2221"]
[BlackElo "2348"]
[PlyCount "122"]
[EventDate "2024.??.??"]

1. e4 e5 2. Nf3 Nc6 3. Bb5 Nf6 4. O-O Nxe4 5. Re1 Nd6 6. Nxe5 Be7 7. Bf1 Nxe5 8. Rxe5 O-O 9. d4 Bf6 10. Re1 Re8 11. c3 Rxe1 12. Qxe1 Ne8 13. Nd2 d5 14. Bd3 Nd6 15. Nf3 Bf5 16. Bxf5 Nxf5 17. Bf4 c6 18. Qe2 Qe7 19. Re1 Re8 20. Qxe7 Rxe7 21. Rxe7 Bxe7 22. g4 Nh4 23. Ne1 Ng6 24. Bb8 a6 25. f4 f5 26. h3 Kf7 27. Nd3 Ke6 28. Kf2 Nf8 29. Be5 g6 30. g5 Nd7 31. Bc7 b6 32. Ke3 c5 33. h4 c4 34. Ne5 Nxe5 35. Bxe5 b5 36. Kd2 b4 37. Bc7 Kd7 38. Ba5 Bd6 39. Ke3 b3 40. a4 Kc6 41. Bd8 Ba3 42. Kd2 Bxb2 43. Be7 a5 44. Bf8 Ba1 45. Bg7 b2 46. Kc2 b1=Q+ 47. Kxb1 Bxc3 48. Kc2 Be1 49. Kd1 Bxh4 50. Ke2 Bg3 51. Be5 Kd7 52. Bb8 Bh2 53. Be5 Bg1 54. Bf6 Ke6 55. Be5 Bf2 56. Kf1 Be3 57. Ke2 Bc1 58. Bc7 Ke7 59. Kd1 Kd7 60. Be5 Ba3 61. Kc2 Bf8 0-1

[Event "OLWU 2425 SG Schwäbisch Gmünd - SK Wernau"]
[Site "?"]
[Date "2024.09.15"]
[Round "1.2"]
[White "Jurek, Josef"]
[Black "Naumann, Axel"]
[Result "1/2-1/2"]
[WhiteElo "2191"]
[BlackElo "2125"]
[PlyCount "48"]
[EventDate "2024.??.??"]

1. Nf3 c5 2. c4 g6 3. d4 cxd4 4. Nxd4 Bg7 5. e4 Nc6 6. Be3 Nf6 7. Nc3 O-O 8. Be2 d6 9. O-O Nd7 10. Rc1 Nc5 11. f3 Ne6 12. Nb3 b6 13. Qd2 Nc5 14. Na1 Bb7 15. Nc2 a5 16. b3 Re8 17. Rfd1 h5 18. Nd5 Kh7 19. Rb1 e6 20. Nf4 Qc8 21. Nh3 Rd8 22. Nf2 Ne7 23. Bg5 f6 24. Bf4 d5 1/2-1/2

[Event "OLWU 2425 SG Schwäbisch Gmünd - SK Wernau"]
[Site "?"]
[Date "2024.09.15"]
[Round "1.3"]
[White "Marquardt, Alexander"]
[Black "Flajsman, Pavel"]
[Result "1/2-1/2"]
[WhiteElo "2025"]
[BlackElo "2188"]
[PlyCount "62"]
[EventDate "2024.??.??"]

1. e4 c5 2. Nf3 d6 3. Bb5+ Bd7 4. Bxd7+ Qxd7 5. c4 Nc6 6. Nc3 Nf6 7. O-O g6 8. d3 Bg7 9. h3 O-O 10. Be3 a6 11. Qd2 Rab8 12. a4 Ne8 13. Bh6 Nc7 14. Bxg7 Kxg7 15. d4 cxd4 16. Nxd4 Ne6 17. Nxe6+ Qxe6 18. b3 Qe5 19. Rad1 Qc5 20. Nd5 e5 21. Rc1 Nd4 22. Rc3 f5 23. b4 Qc6 24. exf5 Nxf5 25. a5 Nd4 26. f4 Rbe8 27. Rf2 Qd7 28. fxe5 dxe5 29. Rxf8 Rxf8 30. Re3 Qf5 31. Re1 Nc2 1/2-1/2

[Event "OLWU 2425 SG Schwäbisch Gmünd - SK Wernau"]
[Site "?"]
[Date "2024.09.15"]
[Round "1.4"]
[White "Bergner, Philipp"]
[Black "Haas, Wilhelm"]
[Result "1-0"]
[WhiteElo "2136"]
[BlackElo "2158"]
[PlyCount "179"]
[EventDate "2024.??.??"]

1. d4 Nf6 2. c4 e6 3. Nc3 Bb4 4. Qc2 O-O 5. Nf3 d5 6. cxd5 exd5 7. Bg5 h6 8. Bh4 c5 9. dxc5 g5 10. Bg3 Qa5 11. e3 Ne4 12. Bd3 Nxc3 13. Bh7+ Kh8 14. Be5+ f6 15. Bxc3 Bxc3+ 16. bxc3 f5 17. Bg6 Kg7 18. Bh5 Nc6 19. Nd4 Qxc5 20. Be2 Nxd4 21. exd4 Qc6 22. O-O Be6 23. Rfe1 Rf6 24. Bd3 Rc8 25. Rac1 Rc7 26. Re5 f4 27. Qe2 f3 28. gxf3 Rcf7 29. Bb1 Qd7 30. Re1 Bh3 31. Re7 Rxe7 32. Qxe7+ Rf7 33. Qe5+ Rf6 34. Bd3 Kf7 35. Qg3 Rf4 36. Bf1 Bf5 37. Re5 Kg6 38. Kh1 a6 39. Be2 b5 40. Qg1 Kf6 41. Qc1 Qd6 42. Qb2 Be6 43. a3 Bf7 44. Qb4 Qxb4 45. axb4 Be6 46. Kg2 Ke7 47. Bd1 Kd6 48. Bb3 Bf7 49. Kg3 Be6 50. Bc2 Rf6 51. Bd3 Bd7 52. Bf1 Rf4 53. Re3 Rh4 54. Bd3 Rf4 55. Bg6 Rf6 56. Bh5 Bc6 57. Bg4 Bb7 58. Re8 Bc6 59. Re5 Bb7 60. Bf5 Bc6 61. Kg4 Bb7 62. Re8 Bc6 63. Re5 Bb7 64. f4 gxf4 65. Kxf4 Bc8 66. Kg4 Rg6+ 67. Kh4 Bxf5 68. Rxf5 Ke6 69. Re5+ Kf6 70. Rxd5 Rg2 71. Rd6+ Kg7 72. Rxa6 Rxf2 73. Kg3 Rd2 74. Rc6 Rd3+ 75. Kg4 Rd2 76. Rc5 Rd3 77. h4 Kg6 78. Rc6+ Kg7 79. Kh5 Rg3 80. Rc7+ Kf8 81. Kxh6 Ke8 82. h5 Kd8 83. Rc5 Kd7 84. Kh7 Kd6 85. h6 Kd7 86. Rxb5 Rxc3 87. Kg6 Rg3+ 88. Rg5 Rh3 89. h7 Kc6 90. Kg7 1-0

[Event "OLWU 2425 SG Schwäbisch Gmünd - SK Wernau"]
[Site "?"]
[Date "2024.09.15"]
[Round "1.5"]
[White "Gheng, Dominik"]
[Black "Weiss, Andreas"]
[Result "1-0"]
[WhiteElo "1983"]
[BlackElo "2040"]
[PlyCount "113"]
[EventDate "2024.??.??"]

1. e4 c5 2. c4 Nc6 3. Nc3 g6 4. g3 Bg7 5. Bg2 Nf6 6. Nge2 O-O 7. a3 Ne8 8. O-O d6 9. d3 Nc7 10. Rb1 Ne6 11. b4 Ned4 12. f4 Bg4 13. h3 Bxe2 14. Nxe2 Nxe2+ 15. Qxe2 Nd4 16. Qd1 Qd7 17. Be3 Rab8 18. Kh2 b6 19. f5 Be5 20. Bh6 Rfd8 21. h4 Bg7 22. Bxg7 Kxg7 23. Bh3 Qe8 24. b5 Qh8 25. Qg4 Kg8 26. fxg6 hxg6 27. Rf2 Qh5 28. Qf4 Rf8 29. Rbf1 Kg7 30. a4 Rbd8 31. a5 Qe5 32. Ra2 Qxf4 33. Rxf4 Rb8 34. axb6 axb6 35. Ra7 Rfe8 36. Bd7 Red8 37. Bc6 Kf8 38. Bd5 f6 39. Rg4 Nf3+ 40. Kg2 Ne5 41. Rf4 Nxd3 42. Rf1 Nb4 43. Be6 Nc2 44. Rf2 Nd4 45. Bd5 Re8 46. g4 Kg7 47. g5 fxg5 48. hxg5 Kh8 49. Rf7 e6 50. Rh7+ Kg8 51. Rag7+ Kf8 52. Bc6 Nxc6 53. bxc6 Ra8 54. c7 Ra2+ 55. Kg3 Rc8 56. Rf7+ Ke8 57. Rf3 1-0

[Event "OLWU 2425 SG Schwäbisch Gmünd - SK Wernau"]
[Site "?"]
[Date "2024.09.15"]
[Round "1.6"]
[White "Lang, Thomas"]
[Black "Fiala, Marco"]
[Result "1-0"]
[WhiteElo "2012"]
[BlackElo "1819"]
[PlyCount "47"]
[EventDate "2024.??.??"]

1. e4 e5 2. Nf3 Nc6 3. Bc4 Bc5 4. c3 Nf6 5. d4 exd4 6. O-O Nxe4 7. cxd4 d5 8. dxc5 dxc4 9. Qe2 Qd3 10. Re1 O-O 11. Qxe4 Qd7 12. Bf4 b6 13. Ne5 Nxe5 14. Qxa8 Nd3 15. Rd1 Qg4 16. Rxd3 Qe2 17. Nc3 Qxd3 18. Qe4 bxc5 19. Rd1 f5 20. Qe7 Rf7 21. Qe8+ Rf8 22. Qe7 Rf7 23. Qxc5 Re7 24. Qxe7 1-0

[Event "OLWU 2425 SG Schwäbisch Gmünd - SK Wernau"]
[Site "?"]
[Date "2024.09.15"]
[Round "1.8"]
[White "Friedrich, Gerhard"]
[Black "Yildiz, Serkan"]
[Result "1/2-1/2"]
[WhiteElo "1947"]
[BlackElo "1835"]
[PlyCount "66"]
[EventDate "2024.??.??"]

1. d4 Nf6 2. Nf3 d5 3. e3 Bf5 4. c4 e6 5. Qb3 Qc8 6. Nc3 c6 7. Be2 Be7 8. O-O Nbd7 9. Bd2 O-O 10. Rac1 Qb8 11. a3 h6 12. Qa2 a5 13. Rfd1 Ne4 14. Be1 Bh7 15. cxd5 exd5 16. Nxe4 Bxe4 17. Nd2 Bg6 18. a4 Kh8 19. Nf1 Bd6 20. b3 Qd8 21. Bd3 Bxd3 22. Rxd3 f5 23. Qe2 Qg5 24. Bd2 Qg6 25. Rdc3 Nf6 26. R3c2 Ne4 27. Be1 Ng5 28. f4 Ne4 29. Nd2 Rfe8 30. Nf3 Qh5 31. Nh4 Qf7 32. Nf3 Qh5 33. Nh4 Qf7 1/2-1/2

[Event "OLWU 2425 SC Grunbach - SG Donautal Tuttlingen"]
[Site "?"]
[Date "2024.09.15"]
[Round "1.1"]
[White "Buschle, Lukas"]
[Black "Skembris, Spyridon"]
[Result "1-0"]
[WhiteElo "2133"]
[BlackElo "2296"]
[PlyCount "63"]
[EventDate "2024.??.??"]

1. d4 Nf6 2. c4 e6 3. Nf3 b6 4. g3 Bb4+ 5. Bd2 a5 6. Bg2 Ba6 7. Qc2 c5 8. O-O Bxd2 9. Nbxd2 Nc6 10. Qc3 O-O 11. Rfe1 Rc8 12. Rad1 d5 13. dxc5 d4 14. Qa3 Nb4 15. cxb6 Nc2 16. Qxa5 Nxe1 17. Nxe1 Bxc4 18. Nxc4 Rxc4 19. Qb5 Qc8 20. Nd3 Rc2 21. a4 Nd7 22. a5 Nb8 23. Ra1 Rxe2 24. a6 Nxa6 25. Rxa6 Rd2 26. b7 Rd1+ 27. Bf1 Qc2 28. b8=Q Qe2 29. Qxf8+ Kxf8 30. Qc5+ Ke8 31. Ra8+ Kd7 32. Ra7+ 1-0

[Event "OLWU 2425 SC Grunbach - SG Donautal Tuttlingen"]
[Site "?"]
[Date "2024.09.15"]
[Round "1.2"]
[White "Dietzel, Jan-Arthur"]
[Black "Kulm, Justin"]
[Result "1/2-1/2"]
[WhiteElo "2299"]
[BlackElo "1989"]
[PlyCount "43"]
[EventDate "2024.??.??"]

1. Nf3 d5 2. g3 Nf6 3. Bg2 g6 4. O-O Bg7 5. d4 O-O 6. c4 dxc4 7. Na3 a5 8. Nxc4 Be6 9. Nce5 Bd5 10. Bf4 c6 11. Qc1 Qb6 12. Rd1 Nbd7 13. Nxd7 Nxd7 14. Qc2 Nf6 15. Be5 Rfe8 16. Nd2 Bxg2 17. Kxg2 Bh6 18. Qb3 Qa6 19. Qf3 Nd7 20. Bf4 Bg7 21. Ne4 a4 22. Rab1 1/2-1/2

[Event "OLWU 2425 SC Grunbach - SG Donautal Tuttlingen"]
[Site "?"]
[Date "2024.09.15"]
[Round "1.3"]
[White "Sulzbacher, Kurt"]
[Black "Vielsack, Guido"]
[Result "0-1"]
[WhiteElo "1999"]
[BlackElo "2139"]
[PlyCount "62"]
[EventDate "2024.??.??"]

1. e4 c5 2. Nf3 d6 3. d4 cxd4 4. Nxd4 Nf6 5. Nc3 e6 6. g4 h6 7. h4 Nc6 8. Rg1 d5 9. exd5 Nxd5 10. Nxd5 exd5 11. Be3 Be7 12. Qd2 Bxh4 13. O-O-O O-O 14. Nxc6 bxc6 15. g5 Bxg5 16. Bxg5 hxg5 17. Rxg5 f6 18. Rg1 Bf5 19. Bd3 Qd7 20. Qh6 Rf7 21. Qh5 Bxd3 22. Rh1 Re7 23. Rxd3 Qe8 24. Qh7+ Kf7 25. Rg3 Re1+ 26. Kd2 Qe2+ 27. Kc3 d4+ 28. Kxd4 Rd8+ 29. Kc3 Qd2+ 30. Kb3 Rb8+ 31. Kc4 Rb4+ 0-1

[Event "OLWU 2425 SC Grunbach - SG Donautal Tuttlingen"]
[Site "?"]
[Date "2024.09.15"]
[Round "1.4"]
[White "Volk, Oskar"]
[Black "Schraegle, Thorsten"]
[Result "0-1"]
[WhiteElo "1983"]
[BlackElo "1945"]
[PlyCount "72"]
[EventDate "2024.??.??"]

1. d4 d5 2. Nc3 Nf6 3. Bf4 c5 4. e3 cxd4 5. exd4 a6 6. Nf3 Nc6 7. Ne5 Bd7 8. Nxc6 Bxc6 9. Bd3 Qb6 10. Ne2 Qxb2 11. O-O Qb6 12. c4 dxc4 13. Bxc4 e6 14. Rb1 Qa5 15. Qb3 Be7 16. Rfd1 O-O 17. Nc3 Qf5 18. Bg3 Rfd8 19. a4 Rd7 20. Ne2 Rad8 21. Be5 Ng4 22. Bg3 Bf6 23. Nf4 Rxd4 24. Rxd4 Rxd4 25. Bxe6 fxe6 26. Nxe6 Rc4 27. Nf4 b5 28. axb5 axb5 29. Re1 Qc5 30. Nd3 Qd5 31. Nf4 Qf7 32. h3 Ne5 33. Kh2 Rxf4 34. Qxf7+ Kxf7 35. Bxf4 Nd3 36. Rc1 Nxc1 0-1

[Event "OLWU 2425 SC Grunbach - SG Donautal Tuttlingen"]
[Site "?"]
[Date "2024.09.15"]
[Round "1.6"]
[White "Telioridis, Vasilios"]
[Black "Schuler, Daniel"]
[Result "1-0"]
[WhiteElo "1961"]
[BlackElo "1806"]
[PlyCount "103"]
[EventDate "2024.??.??"]

1. c4 e5 2. g3 Nc6 3. Bg2 f5 4. e3 d5 5. cxd5 Nb4 6. d3 Nxd5 7. Ne2 Ngf6 8. O-O Bd6 9. Qb3 Be6 10. Qxb7 O-O 11. Nbc3 Rb8 12. Qxa7 Ra8 13. Qb7 Rb8 14. Qa6 Nb4 15. Qa5 Nxd3 16. Nd5 e4 17. Nxf6+ Qxf6 18. Nd4 Ra8 19. Qd2 Rfb8 20. f3 Qg6 21. fxe4 fxe4 22. Nxe6 Qxe6 23. a4 Qc4 24. Bh3 Kh8 25. Qe2 Rxa4 26. Be6 Qa6 27. Rxa4 Qxa4 28. b3 Qc6 29. Bc4 Ne5 30. Bb2 Nf3+ 31. Kg2 Qc5 32. Rd1 Qh5 33. Kh1 Rf8 34. Bc3 Qh6 35. Qb2 Qg5 36. Rd5 Qh6 37. Rh5 Qg6 38. Rd5 Ra8 39. b4 h5 40. Bxg7+ Kh7 41. Bc3 h4 42. Rd1 hxg3 43. Qg2 Qh5 44. h3 Qh6 45. Be1 Qxe3 46. Bxg3 Nd2 47. Bf2 Qc3 48. Bd5 Rf8 49. Rg1 Qf6 50. Bxe4+ Nxe4 51. Qxe4+ Qf5 52. Qh4+ 1-0